[Event "Northumbria Masters"]
[Site "Newcastle upon Tyne, ENG"]
[Date "2019.08.27"]
[Round "8.10"]
[White "Mosnegutu, Klauss"]
[Black "Storey, Charles H"]
[Result "1-0"]
[WhiteElo "2230"]
[BlackElo "2261"]
[PlyCount "185"]
[EventDate "2019.08.23"]
[EventRounds "9"]
[EventCountry "ENG"]
[SourceTitle "BritBase"]
[Source "John Saunders"]
[SourceDate "2021.08.31"]
[SourceVersion "1"]
[SourceVersionDate "2021.08.31"]
[SourceQuality "1"]

1. d4 d5 2. c4 e6 3. Nc3 Nf6 4. Bg5 c6 5. e3 Nbd7 6. c5 b6 7. b4 bxc5 8. bxc5
Qa5 9. Qd2 h6 10. Bh4 g5 11. Bg3 Nh5 12. Bd3 Nxg3 13. hxg3 Bg7 14. Nge2 f5 15.
g4 O-O 16. gxf5 exf5 17. Qc2 Nf6 18. f3 Ne4 19. g4 Nxc3 20. Nxc3 fxg4 21. Kd2
Ba6 22. Bf5 Rae8 23. fxg4 Bxd4 24. Rxh6 Rf7 25. Re6 Rfe7 26. exd4 Rxe6 27.
Bxe6+ Rxe6 28. Re1 Rxe1 29. Kxe1 Kg7 30. Qd2 Qd8 31. Qe3 Qf6 32. Nd1 Qf1+ 33.
Kd2 Qf4 34. Qxf4 gxf4 35. Nf2 Kf6 36. Nh3 Bc8 37. Nxf4 Bxg4 38. Nd3 Bd7 39. Ne5
Be8 40. Ke3 Kf5 41. a3 Kg5 42. Nd3 Kf5 43. Nf2 Bd7 44. Kf3 Be8 45. Nh3 Bh5+ 46.
Ke3 Be8 47. Nf4 Bd7 48. Nh5 Bc8 49. Ng7+ Kg4 50. Ne8 Kg5 51. Nd6 Ba6 52. a4 Kg4
53. a5 Kg3 54. Nf5+ Kg4 55. Ne7 Bb5 56. Nc8 a6 57. Na7 Kf5 58. Kf3 Ke6 59. Nc8
Bd3 60. Kf4 Kf6 61. Nd6 Be2 62. Nf5 Bb5 63. Ng3 Bd3 64. Kg4 Kg6 65. Kf4 Bb5 66.
Ke5 Kf7 67. Nf5 Bd3 68. Ne3 Ke7 69. Ng2 Be4 70. Nf4 Bc2 71. Nh3 Bb1 72. Nf2 Bc2
73. Kf4 Ke6 74. Kg5 Ba4 75. Nd3 Bb5 76. Nf4+ Ke7 77. Kf5 Bf1 78. Ng6+ Kd7 79.
Kf6 Bg2 80. Ne5+ Kc7 81. Ke7 Bh3 82. Nf7 Bf1 83. Ng5 Bb5 84. Ne6+ Kc8 85. Kd6
Ba4 86. Ng5 Bb5 87. Nf7 Ba4 88. Ne5 Kb7 89. Kd7 Bb5 90. Nf7 Ba4 91. Nd8+ Kb8
92. Kd6 Kc8 93. Nxc6 1-0

[Event "Northumbria Masters"]
[Site "Newcastle upon Tyne, ENG"]
[Date "2019.08.27"]
[Round "8.11"]
[White "Balaji, Aaravamudhan"]
[Black "French, Max"]
[Result "0-1"]
[WhiteElo "2043"]
[BlackElo "2172"]
[PlyCount "60"]
[EventDate "2019.08.23"]
[EventRounds "9"]
[EventCountry "ENG"]
[SourceTitle "BritBase"]
[Source "John Saunders"]
[SourceDate "2021.08.31"]
[SourceVersion "1"]
[SourceVersionDate "2021.08.31"]
[SourceQuality "1"]

1. d4 Nf6 2. c4 e6 3. Nc3 Bb4 4. Qc2 c5 5. dxc5 O-O 6. a3 Bxc5 7. Nf3 b6 8. Bf4
a6 9. e3 Bb7 10. O-O-O Be7 11. h4 d6 12. h5 Qc7 13. Bd3 Nbd7 14. Ng5 h6 15.
Nge4 Nxe4 16. Bxe4 Bxe4 17. Nxe4 e5 18. Bh2 Rac8 19. b3 b5 20. c5 f5 21. Nd2
Nxc5 22. Kb1 Qb7 23. Qa2 Ne4 24. b4+ Kh8 25. Nxe4 Qxe4+ 26. Ka1 Rc2 27. Qe6
Rfc8 28. Bg3 R8c3 29. f3 Rxa3+ 30. Kb1 Qxb4+ 0-1

[Event "Northumbria Masters"]
[Site "Newcastle upon Tyne, ENG"]
[Date "2019.08.27"]
[Round "8.12"]
[White "Turner, Max N"]
[Black "Villiers, Thomas"]
[Result "1/2-1/2"]
[WhiteElo "2012"]
[BlackElo "2218"]
[PlyCount "116"]
[EventDate "2019.08.23"]
[EventRounds "9"]
[EventCountry "ENG"]
[SourceTitle "BritBase"]
[Source "John Saunders"]
[SourceDate "2021.08.31"]
[SourceVersion "1"]
[SourceVersionDate "2021.08.31"]
[SourceQuality "1"]

1. d4 f5 2. g3 Nf6 3. Bg2 e6 4. Nf3 b6 5. O-O Bb7 6. c4 d6 7. Ng5 Bxg2 8. Kxg2
Qe7 9. d5 exd5 10. cxd5 Nbd7 11. Ne6 Nc5 12. Nxc5 bxc5 13. Nc3 g6 14. Re1 Ne4
15. Qa4+ Kf7 16. Nxe4 Qxe4+ 17. Qxe4 fxe4 18. Bd2 Bg7 19. Bc3 Bxc3 20. bxc3
Rab8 21. Rab1 Rb6 22. Rb3 Rhb8 23. Ra3 R8b7 24. Ra4 Rb2 25. Rxe4 Rxa2 26. Rf4+
Kg7 27. e4 Ra6 28. e5 c6 29. dxc6 Rxc6 30. exd6 Rxd6 31. Re5 Rc6 32. Rc4 Rbc7
33. Ra4 Kf6 34. Rd5 Ke6 35. Rd2 Rd6 36. Rda2 Rdd7 37. Kf1 Kd5 38. Ke2 Re7+ 39.
Kd2 c4 40. Ra5+ Ke6 41. R2a4 Kf6 42. Rd5 Red7 43. Rxd7 Rxd7+ 44. Ke2 Rc7 45.
Ke3 Kf5 46. f3 Ke5 47. Ra5+ Kd6 48. Kd4 Ke6 49. Rc5 Rd7+ 50. Kxc4 Rd2 51. h4
Rg2 52. g4 Rg3 53. Rc7 Rxf3 54. Rxa7 h5 55. gxh5 gxh5 56. Rh7 Rf4+ 57. Kc5 Rxh4
58. c4 Rh1 1/2-1/2

[Event "Northumbria Masters"]
[Site "Newcastle upon Tyne, ENG"]
[Date "2019.08.27"]
[Round "8.13"]
[White "Gogia, Armaan"]
[Black "Ratnesan, Ranesh"]
[Result "0-1"]
[WhiteElo "1754"]
[BlackElo "2098"]
[PlyCount "84"]
[EventDate "2019.08.23"]
[EventRounds "9"]
[EventCountry "ENG"]
[SourceTitle "BritBase"]
[Source "John Saunders"]
[SourceDate "2021.08.31"]
[SourceVersion "1"]
[SourceVersionDate "2021.08.31"]
[SourceQuality "1"]

1. e4 c5 2. Nf3 Nc6 3. d4 cxd4 4. Nxd4 e5 5. Nb5 d6 6. a4 Be7 7. N1c3 a6 8. Na3
Be6 9. Bc4 Nf6 10. Be3 Na5 11. Nd5 Nxc4 12. Nxc4 Bxd5 13. exd5 Nd7 14. Qg4 g6
15. a5 O-O 16. Bb6 Qc8 17. Qe2 f5 18. O-O Nf6 19. Rfd1 Qd7 20. Ra3 Rac8 21. Rb3
Qa4 22. Ne3 f4 23. Nf1 Rc4 24. Ra1 Rxc2 25. Qxc2 Qxa1 26. Qc7 Qa4 27. Rc3 Nxd5
28. Qxb7 Nxc3 29. bxc3 Qe8 30. Qxa6 Qc6 31. Qd3 d5 32. Nd2 e4 33. Qc2 Bc5 34.
Qb3 Kg7 35. h3 e3 36. Bxc5 Qxc5 37. Nf3 exf2+ 38. Kf1 Qxa5 39. Kxf2 Qc5+ 40.
Nd4 Qd6 41. Qb2 Qe5 42. c4 Re8 0-1

[Event "Northumbria Masters"]
[Site "Newcastle upon Tyne, ENG"]
[Date "2019.08.27"]
[Round "8.14"]
[White "Abdulla, Murad"]
[Black "Kanyamarala, Tarun"]
[Result "1-0"]
[WhiteElo "2265"]
[BlackElo "2142"]
[PlyCount "123"]
[EventDate "2019.08.23"]
[EventRounds "9"]
[EventCountry "ENG"]
[SourceTitle "BritBase"]
[Source "John Saunders"]
[SourceDate "2021.08.31"]
[SourceVersion "1"]
[SourceVersionDate "2021.08.31"]
[SourceQuality "1"]

1. e4 c6 2. Nf3 d5 3. Nc3 dxe4 4. Nxe4 Nf6 5. Nxf6+ exf6 6. d4 Bd6 7. h3 O-O 8.
Be2 Re8 9. O-O Nd7 10. c4 Nf8 11. Re1 Ng6 12. b3 Bf5 13. c5 Bc7 14. Be3 Ne7 15.
Nh4 Be4 16. Bc4 Nd5 17. a3 Qd7 18. Qh5 Rad8 19. Rad1 Bb8 20. Bd2 b5 21. cxb6
axb6 22. b4 b5 23. Bb3 Ba7 24. Be3 Bb6 25. a4 Nxb4 26. axb5 cxb5 27. Ra1 Rc8
28. Qg4 Qxg4 29. hxg4 Rc3 30. Bd2 Rxb3 31. Rxe4 Rd8 32. Rae1 Kf8 33. Bf4 g5 34.
Bd6+ Kg7 35. Nf5+ Kg6 36. Ne7+ Kg7 37. Nf5+ Kg6 38. Ne7+ Kg7 39. Bxb4 Rxb4 40.
Nc6 Rb2 41. Nxd8 Bxd8 42. R4e2 Rb4 43. Rd1 Bc7 44. Rc2 Bb6 45. d5 Ra4 46. d6
Ra8 47. Rb2 Rd8 48. Rxb5 Bc7 49. Rbd5 Bb8 50. Kf1 Kf8 51. g3 Ke8 52. d7+ Ke7
53. Re1+ Kf8 54. Ke2 Ba7 55. f3 Bb6 56. Rh1 Kg7 57. Rb1 Bc7 58. Rc1 Bb6 59. Rc6
Ba7 60. Rc8 Bb6 61. Rd6 Ba5 62. Ra6 1-0

[Event "Northumbria Masters"]
[Site "Newcastle upon Tyne, ENG"]
[Date "2019.08.27"]
[Round "8.15"]
[White "Jaufarally, Nadia"]
[Black "Mannion, Stephen R"]
[Result "0-1"]
[WhiteElo "1934"]
[BlackElo "2280"]
[PlyCount "76"]
[EventDate "2019.08.23"]
[EventRounds "9"]
[EventCountry "ENG"]
[SourceTitle "BritBase"]
[Source "John Saunders"]
[SourceDate "2021.08.31"]
[SourceVersion "1"]
[SourceVersionDate "2021.08.31"]
[SourceQuality "1"]

1. e4 e5 2. Nf3 Nc6 3. Bc4 Bc5 4. c3 Nf6 5. d3 d6 6. h3 a5 7. Bb3 h6 8. O-O O-O
9. Re1 Be6 10. Bc2 Ba7 11. a4 Re8 12. Be3 d5 13. Bxa7 Rxa7 14. d4 exd4 15. exd5
Bxd5 16. Nxd4 Rxe1+ 17. Qxe1 Nxd4 18. cxd4 Ra6 19. Na3 Rb6 20. Qxa5 Rxb2 21.
Qc3 Rb6 22. f3 Re6 23. Bf5 Re7 24. Nc4 Bxc4 25. Qxc4 Qe8 26. Kh2 c6 27. a5 Qb8+
28. Kg1 Qf4 29. Bd3 Rd7 30. Rd1 g5 31. Bc2 Kg7 32. Bb3 Nd5 33. Qc1 Qxc1 34.
Rxc1 Nf4 35. Rd1 Rxd4 36. Re1 Rb4 37. Rb1 Ne2+ 38. Kf2 Nc3 0-1

[Event "Northumbria Masters"]
[Site "Newcastle upon Tyne, ENG"]
[Date "2019.08.27"]
[Round "8.16"]
[White "Van Den Bersselaar, Jeroen"]
[Black "Chipanga, Takaedza"]
[Result "1-0"]
[WhiteElo "2188"]
[BlackElo "2029"]
[PlyCount "61"]
[EventDate "2019.08.23"]
[EventRounds "9"]
[EventCountry "ENG"]
[SourceTitle "BritBase"]
[Source "John Saunders"]
[SourceDate "2021.08.31"]
[SourceVersion "1"]
[SourceVersionDate "2021.08.31"]
[SourceQuality "1"]

1. d4 d5 2. Nf3 Nf6 3. e3 Bf5 4. c4 c6 5. cxd5 cxd5 6. Nc3 e6 7. Ne5 a6 8. g4
Be4 9. f3 Bg6 10. h4 h5 11. Nxg6 fxg6 12. g5 Ng8 13. Bh3 Qd6 14. Ne2 Ne7 15. e4
dxe4 16. fxe4 Nbc6 17. O-O Rd8 18. Be3 Nc8 19. Qb3 Na5 20. Qxe6+ Qxe6 21. Bxe6
Nd6 22. Nc3 Ke7 23. d5 Nac4 24. Bd4 Nd2 25. Rf4 b5 26. Rd1 N2c4 27. b3 b4 28.
Na4 Na3 29. Bc5 Ke8 30. e5 Nf5 31. d6 1-0

[Event "Northumbria Masters"]
[Site "Newcastle upon Tyne, ENG"]
[Date "2019.08.27"]
[Round "8.17"]
[White "Ther, Mate"]
[Black "Hutchinson, Paul A"]
[Result "1-0"]
[WhiteElo "1955"]
[BlackElo "2177"]
[PlyCount "33"]
[EventDate "2019.08.23"]
[EventRounds "9"]
[EventCountry "ENG"]
[SourceTitle "BritBase"]
[Source "John Saunders"]
[SourceDate "2021.08.31"]
[SourceVersion "1"]
[SourceVersionDate "2021.08.31"]
[SourceQuality "1"]

1. e4 d5 2. exd5 Qxd5 3. Nc3 Qd6 4. d4 Nf6 5. Bc4 Nc6 6. Nge2 e5 7. O-O a6 8.
dxe5 Nxe5 9. Bb3 Qxd1 10. Rxd1 Bd6 11. Ng3 Bg4 12. Re1 O-O 13. Nge4 Rfe8 14.
Bd2 Nxe4 15. Nxe4 Bf8 16. Bf4 Bh5 17. Ng3 1-0

[Event "Northumbria Masters"]
[Site "Newcastle upon Tyne, ENG"]
[Date "2019.08.27"]
[Round "8.18"]
[White "Birtwistle, Nigel"]
[Black "Clark, Robert G"]
[Result "0-1"]
[WhiteElo "2136"]
[BlackElo "2060"]
[PlyCount "102"]
[EventDate "2019.08.23"]
[EventRounds "9"]
[EventCountry "ENG"]
[SourceTitle "BritBase"]
[Source "John Saunders"]
[SourceDate "2021.08.31"]
[SourceVersion "1"]
[SourceVersionDate "2021.08.31"]
[SourceQuality "1"]

1. e4 e6 2. d4 d5 3. e5 c5 4. c3 Nc6 5. Nf3 Bd7 6. a3 a5 7. b3 Nge7 8. Bd3 Nf5
9. O-O Be7 10. Bxf5 exf5 11. dxc5 Bxc5 12. Qxd5 Be7 13. Be3 Qc7 14. Nbd2 O-O
15. Rfe1 b5 16. Nd4 b4 17. cxb4 Nxd4 18. Qxd4 axb4 19. Rac1 Qb7 20. a4 Be6 21.
Nc4 Ra6 22. Red1 h6 23. Qb2 Bd5 24. f3 Rg6 25. Rxd5 Qxd5 26. Qf2 Rd8 27. a5 Qd3
28. Qc2 f4 29. Bb6 Qxc2 30. Rxc2 Rd1+ 31. Kf2 Bh4+ 32. Ke2 Rb1 33. Kd3 Rxb3+
34. Ke4 Rc3 35. Rxc3 bxc3 36. Kd3 Rxg2 37. Kxc3 Be1+ 38. Kb3 Bxa5 39. Bxa5 Rxh2
40. Nd2 Re2 41. Bc3 h5 42. Kc2 g5 43. Bd4 g4 44. Kd3 Re1 45. fxg4 hxg4 46. Bf2
Rxe5 47. Ne4 f5 48. Nf6+ Kf7 49. Nh5 g3 50. Bd4 Re4 51. Ng7 Rxd4+ 0-1

[Event "Northumbria Masters"]
[Site "Newcastle upon Tyne, ENG"]
[Date "2019.08.27"]
[Round "8.19"]
[White "Burrows, Martin P"]
[Black "Yoon, Jacob D"]
[Result "1-0"]
[WhiteElo "2121"]
[BlackElo "1987"]
[PlyCount "67"]
[EventDate "2019.08.23"]
[EventRounds "9"]
[EventCountry "ENG"]
[SourceTitle "BritBase"]
[Source "John Saunders"]
[SourceDate "2021.08.31"]
[SourceVersion "1"]
[SourceVersionDate "2021.08.31"]
[SourceQuality "1"]

1. e4 d6 2. d4 Nf6 3. Nc3 g6 4. Be3 a6 5. f4 Bg7 6. Be2 O-O 7. e5 Nfd7 8. Nf3
c5 9. e6 fxe6 10. Ng5 Nf6 11. dxc5 h6 12. Nh3 Nc6 13. Bd3 Qe8 14. O-O d5 15.
Na4 d4 16. Nb6 Rb8 17. Bd2 Nd7 18. Nxc8 Rxc8 19. Qg4 Rf6 20. b4 e5 21. Bc4+ e6
22. Rae1 Qe7 23. Nf2 Kh7 24. Ne4 b5 25. Nxf6+ Nxf6 26. Qxe6 bxc4 27. Qxc8 c3
28. Qxc6 cxd2 29. Rxe5 Qf7 30. Re2 Ng4 31. Rxd2 Ne3 32. Qxa6 Nxf1 33. Qxf1 Qxa2
34. f5 1-0

[Event "Northumbria Masters"]
[Site "Newcastle upon Tyne, ENG"]
[Date "2019.08.27"]
[Round "8.20"]
[White "Shaw, Peter"]
[Black "Mollison, Jamie"]
[Result "1-0"]
[WhiteElo "2076"]
[BlackElo "1929"]
[PlyCount "101"]
[EventDate "2019.08.23"]
[EventRounds "9"]
[EventCountry "ENG"]
[SourceTitle "BritBase"]
[Source "John Saunders"]
[SourceDate "2021.08.31"]
[SourceVersion "1"]
[SourceVersionDate "2021.08.31"]
[SourceQuality "1"]

1. d4 e6 2. Nf3 Nf6 3. c4 b6 4. a3 Bb7 5. Nc3 Be7 6. d5 d6 7. e4 e5 8. Bd3 Nbd7
9. h3 Nf8 10. Be3 Bc8 11. b4 N8d7 12. g3 a5 13. O-O O-O 14. Nd2 axb4 15. axb4
Rxa1 16. Qxa1 Bb7 17. Kh2 h6 18. f4 Nh7 19. Nf3 Bf6 20. f5 Ng5 21. Ng1 Nh7 22.
h4 Be7 23. Qa7 Qa8 24. Ra1 Rb8 25. Be2 Nhf6 26. g4 Nh7 27. Kg3 f6 28. Nb5 Bd8
29. Nh3 Kf7 30. Bf3 Ke8 31. g5 hxg5 32. hxg5 Ke7 33. g6 Nhf8 34. Bh5 c6 35.
Qxa8 Bxa8 36. dxc6 Bxc6 37. Nc3 Bc7 38. Ra7 Rc8 39. Bh6 Bb8 40. Ra1 gxh6 41.
Nf2 Nh7 42. gxh7 Rh8 43. Bg6 Nf8 44. Rh1 Be8 45. Nd5+ Kd8 46. Rxh6 Bc7 47. Nxf6
Bc6 48. b5 Bb7 49. Nh3 Ke7 50. Ng8+ Kd8 51. Ng5 1-0

[Event "Northumbria Masters"]
[Site "Newcastle upon Tyne, ENG"]
[Date "2019.08.27"]
[Round "8.21"]
[White "Gayson, Peter M"]
[Black "Metcalfe, Charlie P"]
[Result "1-0"]
[WhiteElo "2069"]
[BlackElo "1739"]
[PlyCount "77"]
[EventDate "2019.08.23"]
[EventRounds "9"]
[EventCountry "ENG"]
[SourceTitle "BritBase"]
[Source "John Saunders"]
[SourceDate "2021.08.31"]
[SourceVersion "1"]
[SourceVersionDate "2021.08.31"]
[SourceQuality "1"]

1. e4 e5 2. Nf3 Nc6 3. Bb5 a6 4. Ba4 b5 5. Bb3 Bc5 6. O-O Nf6 7. c3 d6 8. d4
Bb6 9. Bg5 h6 10. dxe5 dxe5 11. Bd5 Bd7 12. Bh4 Qe7 13. a4 Rd8 14. axb5 axb5
15. Na3 Na7 16. Qe2 c6 17. Bb3 O-O 18. Nc2 Nc8 19. Ra6 Bg4 20. Ne3 Qb7 21. Bxf6
Qxa6 22. Nxg4 gxf6 23. Nxf6+ Kg7 24. Nh5+ Kh8 25. Nxe5 Nd6 26. Qg4 Rg8 27. Qf4
Rg5 28. Nxf7+ Nxf7 29. Qf6+ Kh7 30. Qxf7+ Kh8 31. Qf6+ Kh7 32. Qf7+ Kh8 33. h4
Rgg8 34. Qf6+ Kh7 35. Bxg8+ Rxg8 36. Qf7+ Kh8 37. Nf6 Bxf2+ 38. Kh1 Qa7 39.
Qxg8# 1-0

[Event "Northumbria Masters"]
[Site "Newcastle upon Tyne, ENG"]
[Date "2019.08.27"]
[Round "8.22"]
[White "Milson, Samuel A"]
[Black "Forster, Matthew"]
[Result "1-0"]
[WhiteElo "2103"]
[BlackElo "1833"]
[PlyCount "60"]
[EventDate "2019.08.23"]
[EventRounds "9"]
[EventCountry "ENG"]
[SourceTitle "BritBase"]
[Source "John Saunders"]
[SourceDate "2021.08.31"]
[SourceVersion "1"]
[SourceVersionDate "2021.08.31"]
[SourceQuality "1"]

1. e4 c5 2. Nf3 g6 3. d4 cxd4 4. Qxd4 Nf6 5. e5 Nc6 6. Qa4 Nd5 7. Qe4 Nc7 8.
Nc3 Bg7 9. Bf4 b5 10. h4 Ne6 11. h5 Bb7 12. h6 Bf8 13. O-O-O b4 14. Nd5 Qa5 15.
Bc4 Rg8 16. Be3 O-O-O 17. Bb3 Kb8 18. Bd2 Nc5 19. Qc4 Nxb3+ 20. Qxb3 Nd4 21.
Nxd4 Bxd5 22. Bxb4 Qb6 23. Qxd5 Qxb4 24. Nc6+ dxc6 25. Qxd8+ Kb7 26. Rd7+ Ka6
27. Qc8+ Kb6 28. Rb7+ Kc5 29. Rxb4 Bxh6+ 30. Rxh6 Rxc8 1-0

[Event "Northumbria Masters"]
[Site "Newcastle upon Tyne, ENG"]
[Date "2019.08.27"]
[Round "8.23"]
[White "Brown, Martin"]
[Black "Kanyamarala, Trisha"]
[Result "0-1"]
[WhiteElo "2265"]
[BlackElo "2238"]
[PlyCount "76"]
[EventDate "2019.08.23"]
[EventRounds "9"]
[EventCountry "ENG"]
[SourceTitle "BritBase"]
[Source "John Saunders"]
[SourceDate "2021.08.31"]
[SourceVersion "1"]
[SourceVersionDate "2021.08.31"]
[SourceQuality "1"]

1. e4 c5 2. Nf3 d6 3. d4 cxd4 4. Nxd4 Nf6 5. Nc3 a6 6. Be2 e5 7. Nb3 Be7 8. O-O
O-O 9. Re1 Be6 10. Bf3 b5 11. Bd2 Nbd7 12. a4 b4 13. Nd5 a5 14. c3 Bxd5 15.
exd5 bxc3 16. Bxc3 Qb6 17. Ra3 Nc5 18. Nxc5 Qxc5 19. Qd2 Rfb8 20. Bd1 Nd7 21.
Qd3 Nb6 22. Bb3 Qc7 23. f4 Nd7 24. Bc2 g6 25. f5 Nb6 26. Bb3 Nd7 27. Qg3 Rb7
28. Kh1 Qc5 29. Rf1 Rf8 30. Ba2 Bf6 31. Qe1 Bd8 32. Bb1 Nf6 33. fxg6 fxg6 34.
Bd2 Kg7 35. Rh3 Ng4 36. Rhf3 Rxf3 37. gxf3 Nf6 38. Bc1 Qxd5 0-1

[Event "Northumbria Masters"]
[Site "Newcastle upon Tyne, ENG"]
[Date "2019.08.27"]
[Round "8.24"]
[White "Holland, Christopher"]
[Black "Izod, Chris"]
[Result "1-0"]
[WhiteElo "2143"]
[BlackElo "1943"]
[PlyCount "71"]
[EventDate "2019.08.23"]
[EventRounds "9"]
[EventCountry "ENG"]
[SourceTitle "BritBase"]
[Source "John Saunders"]
[SourceDate "2021.08.31"]
[SourceVersion "1"]
[SourceVersionDate "2021.08.31"]
[SourceQuality "1"]

1. c4 e6 2. Nc3 d5 3. e3 Nf6 4. Nf3 Be7 5. b3 O-O 6. Bb2 c5 7. cxd5 exd5 8. d4
Nc6 9. Bb5 Bg4 10. dxc5 Bxc5 11. O-O a6 12. Bxc6 bxc6 13. Rc1 Qd6 14. Na4 Ba7
15. Be5 Qe6 16. Bd4 Ne4 17. Bxa7 Rxa7 18. Nd4 Qg6 19. f3 Bh3 20. Qc2 c5 21.
Nxc5 Nxc5 22. Qxg6 hxg6 23. Rxc5 Be6 24. Rfc1 a5 25. Nc6 Raa8 26. Rxa5 Rxa5 27.
Nxa5 g5 28. Kf2 Rc8 29. Rxc8+ Bxc8 30. Ke2 Ba6+ 31. Kd2 Bf1 32. g3 Bg2 33. f4
gxf4 34. gxf4 Kf8 35. Nc6 d4 36. Nxd4 1-0

[Event "Northumbria Masters"]
[Site "Newcastle upon Tyne, ENG"]
[Date "2019.08.27"]
[Round "8.25"]
[White "Johnson, Paul A"]
[Black "Guha, Chirag"]
[Result "1-0"]
[WhiteElo "1796"]
[BlackElo "1876"]
[PlyCount "105"]
[EventDate "2019.08.23"]
[EventRounds "9"]
[EventCountry "ENG"]
[SourceTitle "BritBase"]
[Source "John Saunders"]
[SourceDate "2021.08.31"]
[SourceVersion "1"]
[SourceVersionDate "2021.08.31"]
[SourceQuality "1"]

1. d4 d5 2. Nf3 Nf6 3. c4 e6 4. Nc3 c6 5. cxd5 exd5 6. Bg5 Be7 7. e3 Nbd7 8.
Bd3 Nf8 9. Qc2 Ne6 10. Bxf6 Bxf6 11. Bxh7 g6 12. Bxg6 fxg6 13. Qxg6+ Ke7 14. g3
Bd7 15. Qc2 Qg8 16. O-O-O Qg4 17. Ne5 Bxe5 18. dxe5 Be8 19. f4 Bg6 20. e4 dxe4
21. Nxe4 Qf5 22. Rhe1 Rad8 23. Rd6 Rxd6 24. exd6+ Kd7 25. h4 b6 26. Qc3 Rf8 27.
Qa3 a5 28. Qb3 b5 29. Qe3 c5 30. Qc3 b4 31. Qc4 Rc8 32. Qb5+ Kd8 33. Qb6+ Ke8
34. Qb7 Nc7 35. d7+ Kxd7 36. Qxc8+ Kxc8 37. Nd6+ Kd7 38. Nxf5 Bxf5 39. Re5 Bd3
40. Rxc5 a4 41. Ra5 Bb5 42. h5 Kc6 43. h6 Bd3 44. f5 Kb6 45. Re5 Ne8 46. h7
Bxf5 47. Rxf5 Ng7 48. Rf6+ Kc5 49. h8=Q Ne6 50. Rxe6 a3 51. Qe5+ Kc4 52. b3+
Kd3 53. Qe3# 1-0

[Event "Northumbria Masters"]
[Site "Newcastle upon Tyne, ENG"]
[Date "2019.08.27"]
[Round "9.1"]
[White "Pruijssers, Roeland"]
[Black "Berry, Neil"]
[Result "1-0"]
[WhiteElo "2534"]
[BlackElo "2207"]
[PlyCount "75"]
[EventDate "2019.08.23"]
[EventRounds "9"]
[EventCountry "ENG"]
[SourceTitle "BritBase"]
[Source "John Saunders"]
[SourceDate "2021.08.31"]
[SourceVersion "1"]
[SourceVersionDate "2021.08.31"]
[SourceQuality "1"]

1. e4 e6 2. d4 d5 3. e5 c5 4. c3 Nc6 5. Nf3 Qb6 6. Na3 cxd4 7. cxd4 Bxa3 8.
bxa3 Nge7 9. Bd3 Nf5 10. O-O Nfxd4 11. Rb1 Nxf3+ 12. Qxf3 Qd4 13. Qg3 O-O 14.
Re1 f5 15. exf6 Qxf6 16. Bg5 Qf7 17. Qh4 h6 18. Re3 Qxf2+ 19. Qxf2 Rxf2 20.
Kxf2 hxg5 21. Rg3 Ne5 22. Ke3 g4 23. Be2 Nf7 24. Kd4 Nd6 25. Bd3 Bd7 26. Kc5
Nf7 27. Rxb7 Rc8+ 28. Kb4 Ne5 29. Kb3 a5 30. Re3 Bc6 31. Ra7 a4+ 32. Kb4 Nd7
33. Rxe6 Rb8+ 34. Kc3 d4+ 35. Kxd4 Rd8 36. Bc4 Kf8 37. Rxc6 Nb8+ 38. Kc5 1-0

[Event "Northumbria Masters"]
[Site "Newcastle upon Tyne, ENG"]
[Date "2019.08.27"]
[Round "9.2"]
[White "Eggleston, David J"]
[Black "Donchenko, Alexander"]
[Result "0-1"]
[WhiteElo "2403"]
[BlackElo "2618"]
[PlyCount "158"]
[EventDate "2019.08.23"]
[EventRounds "9"]
[EventCountry "ENG"]
[SourceTitle "BritBase"]
[Source "John Saunders"]
[SourceDate "2021.08.31"]
[SourceVersion "1"]
[SourceVersionDate "2021.08.31"]
[SourceQuality "1"]

1. e4 c6 2. Nf3 d5 3. Nc3 dxe4 4. Nxe4 Nf6 5. Qe2 Nxe4 6. Qxe4 Nd7 7. d4 Nf6 8.
Qf4 Nd5 9. Qd2 Bf5 10. c4 Nf6 11. Be2 e6 12. O-O Bd6 13. b3 O-O 14. Bb2 Qc7 15.
g3 Rad8 16. Rfd1 Rfe8 17. Bf1 Qe7 18. Bg2 Be4 19. Qe2 Ba3 20. Bc3 Bb4 21. Bb2
Ba3 22. Bc3 Bd6 23. Bb2 h6 24. Bc3 Qc7 25. Qe1 Bc2 26. Rd2 Bh7 27. Ne5 Nd7 28.
Nf3 Be7 29. Re2 Bf6 30. Rd1 Bg6 31. Ba5 b6 32. Bc3 Bh5 33. Re3 c5 34. dxc5 Nxc5
35. Bxf6 gxf6 36. Rd4 Bxf3 37. Rxd8 Rxd8 38. Bxf3 a5 39. Qc3 Kg7 40. b4 axb4
41. Qxb4 Rd4 42. Be2 Qd8 43. a4 Rd2 44. Kg2 Ra2 45. Qc3 Rxa4 46. Qb2 Ra7 47.
Bf3 Rd7 48. Qc1 Rd4 49. Qc3 Rd2 50. Bd5 Ra2 51. Bf3 Qd6 52. Re2 Rxe2 53. Bxe2
Qe5 54. Qd2 Nb3 55. Qe3 Nd4 56. Bd3 Qd6 57. g4 Qc6+ 58. f3 e5 59. h4 Ne6 60.
Qe4 Nf4+ 61. Kf1 Qd6 62. Bc2 Qd2 63. Bb1 Qd1+ 64. Kf2 Qd2+ 65. Kf1 Nh3 66. Qc2
Qe3 67. g5 Qxf3+ 68. Ke1 Qe3+ 69. Kf1 Qg1+ 70. Ke2 Qf2+ 71. Kd3 Qxc2+ 72. Bxc2
hxg5 73. hxg5 Nxg5 74. Kc3 Ne6 75. Kb4 Nd4 76. Bd1 f5 77. c5 bxc5+ 78. Kxc5 f4
79. Kd5 f3 0-1

[Event "Northumbria Masters"]
[Site "Newcastle upon Tyne, ENG"]
[Date "2019.08.27"]
[Round "9.3"]
[White "Merry, Alan B"]
[Black "Gormally, Daniel W"]
[Result "1-0"]
[WhiteElo "2427"]
[BlackElo "2495"]
[PlyCount "77"]
[EventDate "2019.08.23"]
[EventRounds "9"]
[EventCountry "ENG"]
[SourceTitle "BritBase"]
[Source "John Saunders"]
[SourceDate "2021.08.31"]
[SourceVersion "1"]
[SourceVersionDate "2021.08.31"]
[SourceQuality "1"]

1. c4 Nf6 2. Nc3 g6 3. g3 Bg7 4. Bg2 O-O 5. d4 d6 6. Nf3 Nbd7 7. e4 e5 8. h3 c6
9. Be3 exd4 10. Nxd4 d5 11. cxd5 cxd5 12. exd5 Nb6 13. Qb3 Ne8 14. O-O Nd6 15.
Rad1 Nbc4 16. Bf4 Re8 17. Ncb5 a6 18. Nc6 Qd7 19. Nxd6 Nxd6 20. Rfe1 Nf5 21.
Ne5 Qb5 22. d6 Be6 23. Qxb5 axb5 24. Bxb7 Rxa2 25. g4 Nxd6 26. Rxd6 Rxb2 27.
Nf3 Bf8 28. Rd2 Rxd2 29. Nxd2 Rd8 30. Ne4 Be7 31. Ng5 Bxg5 32. Bxg5 Rb8 33. Be4
Kg7 34. Bf4 Rc8 35. Rc1 Bc4 36. Bd5 Rc5 37. Bxc4 bxc4 38. f3 g5 39. Be3 1-0